000 00574nam a22001937a 4500
005 20141030124247.0
010 _aENG-111091
020 _c50.00
_a9788123770062
035 _aEN-94623
037 _bDBAD/PUB
082 _a921
100 _aAmbai
245 _aWalking erect with an unfaltering gaze /
_cby Ambai
260 _aNew Delhi
_bNational Book Trust
_c2013
270 _bNew Delhi
_e110070
_aNehru Bhawan, 5, Institutional Area, Phase-II, Vasant Kunj
300 _a72p.
_c20cm(pbk)
490 _aWhen I was young
942 _2ddc
_cEN
_mAMB
_h921
999 _c89657
_d89657